| 000 | 03710nam a22003377a 4500 | ||
|---|---|---|---|
| 003 | OSt | ||
| 005 | 20240805094204.0 | ||
| 007 | cr ||||||||c|a | ||
| 008 | 240805s2023 mx a|||fo|||| 001 0 spa d | ||
| 040 | _erda | ||
| 100 | 1 |
_aCastillo Cazares, Gloria María _9189341 |
|
| 245 | 1 | 0 |
_aDiferencia entre monta natural y técnicas de reproducción asistida en venado cola blanca (Odocoileus virginianus) / _cpor Gloria María Castillo Cazares y Guadalupe Mora Lopez; director de tesis Elvia López Pérez; secretario José Luis Zaragoza Ramírez; vocal Carlos Guillermo Germán Alarcón; secretario Jaime Gallegos Sánchez; secretario Agustín Ruiz Flores. |
| 264 | 1 |
_aChapingo, México : _bEl autor, _c2023. |
|
| 300 |
_a1 recurso en línea (54 páginas): _bfiguras, cuadros. |
||
| 336 |
_2rdacontent _atexto _btxt |
||
| 337 |
_2rdamedia _acomputadora _bc |
||
| 338 |
_2rdacarrier _arecurso en línea _bcr |
||
| 502 |
_bIAEZ _cZootecnía _d2023. _gLIC |
||
| 504 | _aIncluye referencias bibliográficas: páginas 37-41. | ||
| 520 | _aEl objetivo fue estudiar la efectividad de dos técnicas de inseminación artificial implementadas en la UMA “Palos Altos” de Villaldama, Nuevo León para mejorar el desempeño reproductivo de un hato de hembras venado cola blanca (Odocoileus virginianus). Un grupo 22 venadas fueron agrupadas aleatoriamente en dos grupos para ser inseminadas por laparoscopía, o vía cervical. Las venadas que no quedaron gestantes con la inseminación artificial fueron expuestas a monta natural por un venado semental catorce días después de ser inseminadas. Las mediciones realizadas fueron número de venadas gestantes y número de venadas que parieron uno, dos o tres crías al parto. Las mediciones para el grupo de venadas gestantes por monta natural fueron consideradas el punto de referencia para comparar la efectividad de las técnicas de inseminación artificial. Se calculó la proporción para cada medición para realizar una prueba de hipótesis por el procedimiento para Z. Con la inseminación por laparoscopía y vía cervical resultaron 40.0 ± 6.30% y 43.0 ± 12.50% de hembras preñadas, respectivamente. Todas las hembras expuestas a monta natural quedaron preñadas (100%). El número de crías nacidas de hembras inseminadas por laparoscopía y de aquellas expuestas a monta natural fue mayor que diferente presentándose mayor número de partos dobles (P ˂ 0.05). El tamaño de la camada fue de 1.8, 2.1 y 1.0 para el grupo de hembras inseminadas por laparoscopia, monta natural y cervical, respectivamente y la correspondiente prolificidad fue de 183, 201 y 100%. No hubo suficientes evidencias para concluir que la técnica de inseminación artificial empleada en la Unidad para la Conservación, Manejo y Aprovechamiento Sustentable de la vida silvestre (UMA) fue más efectiva que la monta natural, dado que en términos de gestación y número de crías fue superior la monta natural. Se debe tomar en consideración el número de muestra, siendo esto un factor clave en los resultados. | ||
| 650 | 4 |
_aVenado cola blanca _xGestación _9189344 |
|
| 650 | 4 |
_aVenado cola blanca _xInseminación _9189343 |
|
| 700 | 1 |
_aMora López, Guadalupe _9189342 |
|
| 700 | 1 |
_aLópez Pérez, Elvia _968223 _eDirector de tesis. |
|
| 700 | 1 |
_aZaragoza Ramírez, José Luis _9123684 _eSecretario. |
|
| 700 | 1 |
_aGermán Alarcón, Carlos Guillermo _947760 |
|
| 700 | 1 |
_aGallegos Sánchez, Jaime _944418 _eSuplente. |
|
| 700 | 1 |
_aRuiz Flores, Agustín _9100671 _eSecretario. |
|
| 856 |
_uhttp://10.13.5.2/tesis/tl/1110846-4y1311761-2_Castillo_Cazares_Gloria_MariayMora_Lopez_Guadalupe.pdf _zDESCARGAR PDF |
||
| 942 |
_2Clasificación Universidad Autónoma Chapingo _cTD |
||
| 999 |
_c220054 _d220054 |
||